000
00233nam a22001097a 4500
082
_a
700
100
_a
Kumar Binoy
_9
79973
245
_a
Art and Society
260
_a
Delhi
_b
Iswar Books
_c
2018
650
_a
Art
_9
79974
942
_c
BK
999
_c
63501
_d
63501